| 000 | 00842nam a22002537a 4500 | ||
|---|---|---|---|
| 001 | 21689 | ||
| 003 | UA-OsUOA | ||
| 005 | 20230920113414.0 | ||
| 007 | ta | ||
| 008 | 20031212b un ||||| |||| 00| 0 ukr d | ||
| 020 | _a966-7293-52-1 | ||
| 040 |
_aUA-OsUOA _bukr _cUA-OsUOA _dUA-OsUOA |
||
| 041 | _aukr | ||
| 044 | _aUA | ||
| 080 | _a340(075.8) | ||
| 090 |
_a340(075.8) _bО-75 |
||
| 245 |
_aОснови правознавства _bнавч. пос. _cза ред. С. В. Ківалова, М. П. Орзіх |
||
| 260 |
_aКиїв _bЗнання _c2000 |
||
| 300 | _a358 с. | ||
| 650 | 7 |
_a340 Право в цілому. Пропедевтика. Методи та допоміжні правничі науки _2UDC |
|
| 942 |
_cBK _2udc |
||
| 955 | _a2 | ||
| 999 |
_c307896 _d307896 |
||